000 00773nam a2200241 4500
003 0
005 20180806110230.0
008 0
010 _aB-045787
020 _a8175052147
035 _aB-045787
037 _bCen Lib / Ret
040 _aDPL
_bEN
_c0
082 _a181.45
_bGIT
100 _aSwami Ranganathananda
245 _aUniversal message of the bhagavad gita :
_ban exposition of the Gītā in the light of modern thought and modern needs /
_cby Swami Ranganathananda
260 _aCalcutta
_bAdvaita Ashrama
_c2000
270 _a5 Delhi Entally Road
_bCalcutta
_e700014
300 _a(v 1. 519)
_b24cm(Hb)
650 _aBhagavadgīta -- Criticism, interpretation, etc.
650 _aBhagavadgītā.
942 _2ddc
_cEN
_h181.45
_mGIT
999 _c155501
_d155501